Score 0/24 Timer 03:00
0 Plays Today
Clue 4-Letter Word % Correct
The devil's domainHELL
98.9%
US Independence War battle location: Bunker ___HILL
97.6%
Possessed in one's handHELD
97.2%
2016 Coen Bros. movie: '___ Caesar!'HAIL
96.9%
Outgrowth from the headHAIR
96%
A forthcoming monarch is an '___ apparent'⋆ HEIR ⋆
95.5%
Building where grain is ground into flour⋆ MILL ⋆
95.4%
'Notting Hill' and 'Love Actually' actor GrantHUGH
94.9%
Elevated or under the influence of narcotics⋆ HIGH ⋆
94.7%
TV host Arsenio or musician Daryl, e.g.HALL
93.9%
Migratory group of mammalsHERD
93.5%
Massive or over-extensive HUGE
92.6%
Clue 4-Letter Word % Correct
An area prepared for constructionSITE
92.3%
A plaintive breath SIGH
92.1%
Permanent imprisonment is a '___ sentence'⋆ LIFE ⋆
91.7%
German equivalent to Mr.HERR
91.4%
Archnemeses of the JediSITH
91.2%
A trigonometric function SINE
91.1%
What an actor delivers during a monologue LINE
89%
'Pride comes before the ___'FALL
87.4%
International renown and recognitionFAME
79.6%
To seethe or boil over with angerFUME
75.7%
18th Century Scottish philosopher DavidHUME
74.9%
A Polynesian beach hutFALE
74.7%

Today's Daily Dose

Missing Word
'M' Pairs

Quick Pick
'F' Video Games

Get the Picture
MCU Captains

You're not logged in!

Compare scores with friends on all Sporcle quizzes.
OR
Log In

Sporcle TV

Today on Sporcle TV


Watch our educational content, quiz creation guides, and fun videos on Sporcle TV.

Show Comments

Extras

Top Quizzes Today


Score Distribution

Paid Content

Your Account Isn't Verified!

In order to create a playlist on Sporcle, you need to verify the email address you used during registration. Go to your Sporcle Settings to finish the process.

Report this User

Report this user for behavior that violates our Community Guidelines.

Details: